000 00919nam a2200301Ia 4500
003 OSt
005 20221006160227.0
006 a|||||r|||| 00| 0
007 ta
008 221006b |||||||| |||| 00| 0 eng d
020 _a0765616394
_c
_39.95
024 _a44,674
037 _bGift, Window on Korea
_cTextual
040 _aEASL
_cEASL
_beng
041 _2eng
_aeng
082 _aW.4952.P04, P5
100 _aKihl Young Whan Ed.
_9108380
245 0 _aNorth Korea
_b The politics of regime survival
260 _aNew York
_bM.E.Sharpe
_c2005
300 _a336p.
_ccm.
490 _v KEL
650 _a Korea- economic policy
_9647518
650 _a Political science-Korea-history
_9672523
650 _aKEL
700 _a Kim Hong Nack Ed.
_9672524
942 _hW.4952.P04, P5
_cTEXL
_2CC
999 _c1112766
_d1112766